Flight / (Record no. 103472)
[ view plain ]
| 000 -LEADER | |
|---|---|
| fixed length control field | 00490nam a2200193 a 4500 |
| 005 - DATE AND TIME OF LATEST TRANSACTION | |
| control field | 20140412111302.0 |
| 008 - FIXED-LENGTH DATA ELEMENTS--GENERAL INFORMATION | |
| fixed length control field | 001116s19uu xx 00 eng d |
| 020 ## - INTERNATIONAL STANDARD BOOK NUMBER | |
| International Standard Book Number | 0-7214-1748-5 |
| 050 ## - LIBRARY OF CONGRESS CALL NUMBER | |
| Classification number | M 629.1 |
| Item number | CAM 1995 |
| 100 ## - MAIN ENTRY--PERSONAL NAME | |
| Personal name | Campbell, Fiona |
| 245 ## - TITLE STATEMENT | |
| Title | Flight / |
| Statement of responsibility, etc | Fiona Campbell ; illustrated by Studio Boni. |
| 260 ## - PUBLICATION, DISTRIBUTION, ETC. (IMPRINT) | |
| Place of publication, distribution, etc | UK : |
| Name of publisher, distributor, etc | Ladybird. |
| 300 ## - PHYSICAL DESCRIPTION | |
| Extent | 30 p. |
| 440 ## - SERIES STATEMENT/ADDED ENTRY--TITLE | |
| Title | Ladybird Discovery |
| 650 ## - SUBJECT ADDED ENTRY--TOPICAL TERM | |
| Topical term or geographic name as entry element | Aeronautics |
| 650 ## - SUBJECT ADDED ENTRY--TOPICAL TERM | |
| Topical term or geographic name as entry element | Flight |
| Withdrawn status | Lost status | Damaged status | Use restrictions | Home library | Current library | Shelving location | Date acquired | Source of acquisition | Total Checkouts | Full call number | Barcode | Date last seen | Price effective from | Koha item type |
|---|---|---|---|---|---|---|---|---|---|---|---|---|---|---|
| Elizalde Library | Elizalde Library | Main Section | 11/16/2000 | M 629.1 CAM 1995 | E4937 | 04/12/2014 | 04/12/2014 | Books | ||||||
| Elizalde Library | Elizalde Library | Main Section | 11/16/2000 | M 629.1 CAM 1995 | E5264 | 04/12/2014 | 04/12/2014 | Books |